[Event "Campeonato Provincial Individual PREFERE"]
[Site "Pabellon Deporte Miguel Buigue"]
[Date "2011.11.19"]
[Round "6"]
[White "Vallalta Martinez, Luis"]
[Black "Pastor Marti, Jaume"]
[Result "1-0"]
[WhiteElo "1999"]
[BlackElo "1693"]
[PlyCount "115"]
[EventDate "2011.10.01"]
[EventRounds "7"]
[EventCountry "ESP"]

1. d4 Nf6 2. c4 e6 3. Nf3 d5 4. Nc3 c6 5. Bg5 Be7 6. e3 O-O 7. Rc1 Nbd7 8. a3
Qa5 9. Nd2 dxc4 10. Bxf6 Nxf6 11. Bxc4 Qg5 12. O-O b5 13. Be2 Bb7 14. Nf3 Qh6
15. Ne5 Bd6 16. Bf3 Rac8 17. Nxb5 cxb5 18. Bxb7 Rb8 19. Bf3 Nd7 20. Ng4 Qg5 21.
e4 Bf4 22. Rc3 Rfc8 23. g3 Bd6 24. Qb3 a6 25. Rfc1 Qxc1+ 26. Rxc1 Rxc1+ 27. Kg2
Nb6 28. Qe3 Rc2 29. Qg5 Kf8 30. d5 exd5 31. exd5 Rxb2 32. Ne3 h6 33. Qf5 Re8
34. Ng4 Nc4 35. Qh7 Be5 36. Nxe5 Rxe5 37. Qh8+ Ke7 38. Qxg7 a5 39. d6+ Kxd6 40.
Qf6+ Kc5 41. Qxf7 Kd4 42. Bd1 Ne3+ 43. Kh3 Nxd1 44. Qf4+ Kd5 45. Qf3+ Ke6 46.
Qxd1 Rbe2 47. Qb3+ Kf6 48. Qf3+ Ke6 49. Qc6+ Ke7 50. Qxh6 Rxf2 51. Qg7+ Kd6 52.
Qh6+ Kd5 53. Qb6 Ree2 54. Qxb5+ Ke6 55. Qxa5 Rxh2+ 56. Kg4 Re4+ 57. Kf3 Rhe2
58. Qa6+ {bandera bandera} 1-0

[Event "Campeonato Provincial Individual PREFERE"]
[Site "Pabellon Deporte Miguel Buigue"]
[Date "2011.11.19"]
[Round "6"]
[White "Garcia Sacristan, Ramon"]
[Black "Dingwall, Fraser G"]
[Result "0-1"]
[WhiteElo "1651"]
[BlackElo "1875"]
[PlyCount "126"]
[EventDate "2011.10.01"]
[EventRounds "7"]
[EventCountry "ESP"]

1. d4 Nf6 2. Nf3 g6 3. Bf4 Bg7 4. e3 c5 5. c3 cxd4 6. exd4 O-O 7. h3 b6 8. Be2
Bb7 9. O-O d6 10. Re1 Nbd7 11. Bf1 Ne4 12. d5 Ndf6 13. Bc4 Qc8 14. Qd4 Qf5 15.
Nbd2 Qxf4 16. Nxe4 Nxd5 17. Qd3 Nf6 18. Neg5 d5 19. Bb3 e6 20. h4 Rad8 21. g3
Qc7 22. Ne5 Ne4 23. Nexf7 Rxf7 24. Nxf7 Kxf7 25. Rad1 Re8 26. Qf3+ Kg8 27. Qg4
Qf7 28. f3 h5 29. Qf4 Qxf4 30. gxf4 Nf6 31. Kf2 Bh6 32. Kg3 Kf7 33. Re2 Bc6 34.
Rde1 Bd7 35. Bc2 Ng8 36. Rd1 Ne7 37. c4 Nf5+ 38. Bxf5 gxf5 39. cxd5 exd5 40.
Rxe8 Kxe8 41. Rxd5 Ke7 42. b4 Ke6 43. Rd4 Bc6 44. Rd8 a5 45. bxa5 bxa5 46. Rh8
Bg7 47. Rxh5 Bd5 48. Rh7 Kf6 49. h5 Bg8 50. Rxg7 Kxg7 51. a3 Bf7 52. Kf2 Bxh5
53. Ke3 a4 54. Kd4 Kf6 55. Ke3 Ke6 56. Ke2 Kd5 57. Ke3 Kc4 58. Ke2 Kb3 59. Kd2
Bxf3 60. Kd3 Be4+ 61. Kd2 Kxa3 62. Kc3 Bb1 63. Kc4 Kb2 0-1

[Event "Campeonato Provincial Individual PREFERE"]
[Site "Pabellon Deporte Miguel Buigue"]
[Date "2011.11.19"]
[Round "6"]
[White "Cabrera Guerrero, Antonio"]
[Black "Gonzalez Rodriguez, Manuel"]
[Result "1-0"]
[WhiteElo "1867"]
[BlackElo "1961"]
[PlyCount "55"]
[EventDate "2011.10.01"]
[EventRounds "7"]
[EventCountry "ESP"]

1. d4 Nf6 2. f4 c5 3. c3 b6 4. e3 Bb7 5. Nf3 g6 6. Bd3 Bg7 7. O-O O-O 8. Nbd2
Qc7 9. Qe2 d6 10. f5 Nc6 11. fxg6 hxg6 12. e4 cxd4 13. Nxd4 Ne5 14. Bc2 a5 15.
Rf4 Ba6 16. Qe1 Neg4 17. Rf3 Nd7 18. Bd1 e5 19. Nc2 Bb7 20. Rh3 Qc5+ 21. Ne3
Nxe3 22. Nb3 Qc6 23. Bxe3 Qxe4 24. Bf3 Qc4 25. Bxb7 Rab8 26. Bf3 f5 27. Nd2 Qd3
28. Be2 1-0

[Event "Campeonato Provincial Individual PREFERE"]
[Site "Pabellon Deporte Miguel Buigue"]
[Date "2011.11.19"]
[Round "6"]
[White "Martin Diez, Santiago"]
[Black "Terrades Dalmau, Antonio"]
[Result "0-1"]
[WhiteElo "1797"]
[BlackElo "1843"]
[PlyCount "60"]
[EventDate "2011.10.01"]
[EventRounds "7"]
[EventCountry "ESP"]

1. e4 c5 2. Nf3 d6 3. d4 cxd4 4. Nxd4 Nf6 5. Nc3 a6 6. Bc4 e6 7. O-O Be7 8. a3
O-O 9. Qf3 Qc7 10. Bb3 Bd7 11. Nce2 Nc6 12. c3 Ne5 13. Qe3 Nc4 14. Qf3 b5 15.
Ng3 Rfc8 16. Bc2 Bc6 17. Nxc6 Qxc6 18. Qe2 a5 19. Rb1 Rab8 20. f4 b4 21. cxb4
axb4 22. Bb3 bxa3 23. bxa3 Na5 24. Ba2 Rxb1 25. Bxb1 Nc4 26. Bd3 Qc5+ 27. Qf2
Qa5 28. Bxc4 Rxc4 29. Qa2 Qc5+ 30. Qf2 Rxc1 0-1

[Event "Campeonato Provincial Individual PREFERE"]
[Site "Pabellon Deporte Miguel Buigue"]
[Date "2011.11.26"]
[Round "7"]
[White "Dingwall, Fraser G"]
[Black "Pont Font, Daniel"]
[Result "1-0"]
[WhiteElo "1875"]
[BlackElo "1903"]
[PlyCount "89"]
[EventDate "2011.10.01"]
[EventRounds "7"]
[EventCountry "ESP"]

1. e4 e6 2. d4 d5 3. Nc3 Nf6 4. Bg5 Be7 5. e5 Nfd7 6. Bxe7 Qxe7 7. f4 a6 8. Nf3
c5 9. dxc5 Nc6 10. Qd2 Nxc5 11. O-O-O b5 12. Nd4 Nxd4 13. Qxd4 b4 14. Nb1 Bd7
15. Nd2 a5 16. Kb1 O-O 17. Be2 Rfb8 18. Ka1 a4 19. Rc1 Bb5 20. Bxb5 Rxb5 21. g3
Qa7 22. Rhd1 Qa5 23. Qe3 Rb7 24. h4 Rd7 25. Nf3 Rb7 26. Nd4 b3 27. a3 bxc2 28.
Rxc2 Qb6 29. Qc3 Re8 30. Qd2 Rc7 31. Rdc1 Kf8 32. Kb1 Ne4 33. Qb4+ Qxb4 34.
axb4 Rxc2 35. Rxc2 Rb8 36. Nc6 Rb6 37. g4 h5 38. gxh5 Ng3 39. Ka2 Nxh5 40. Ka3
Nxf4 41. Kxa4 Ke8 42. Ka5 Rb7 43. Ka6 Rc7 44. b5 Nd3 45. b6 1-0

[Event "Campeonato Provincial Individual PREFERE"]
[Site "Pabellon Deporte Miguel Buigue"]
[Date "2011.11.26"]
[Round "7"]
[White "Aguado Crespo, Antonio"]
[Black "Vallalta Martinez, Luis"]
[Result "1/2-1/2"]
[WhiteElo "1750"]
[BlackElo "1999"]
[PlyCount "115"]
[EventDate "2011.10.01"]
[EventRounds "7"]
[EventCountry "ESP"]

1. e4 d5 2. exd5 Qxd5 3. Nc3 Qd6 4. Bc4 Nf6 5. d4 c6 6. Bg5 Bf5 7. Qf3 Bg4 8.
Qe3 Nbd7 9. f3 Bf5 10. a3 Nb6 11. Bb3 Nfd5 12. Nxd5 Nxd5 13. Qd2 h6 14. Bh4 Qf4
15. Qf2 Qe3+ 16. Ne2 Qxf2+ 17. Bxf2 e6 18. c4 Nf6 19. Nc3 Be7 20. d5 O-O 21.
O-O Nd7 22. dxc6 bxc6 23. Ba4 Rfc8 24. Rfd1 Ne5 25. b3 Nd3 26. Ne4 Bxe4 27.
fxe4 Nxf2 28. Kxf2 Bf6 29. Ra2 c5 30. Rd7 Bd4+ 31. Ke2 Rd8 32. Rd2 Rxd7 33.
Bxd7 a6 34. h3 Rb8 35. Ba4 Kf8 36. Kf3 g5 37. g3 Kg7 38. Re2 Kf6 39. Rd2 Ke5
40. Rc2 f5 41. exf5 Kxf5 42. Re2 Rb7 43. g4+ Kf6 44. Ke4 Rf7 45. b4 Ke7 46. Bc6
Rf4+ 47. Kd3 Kd6 48. b5 axb5 49. cxb5 Bf6 50. Be4 Bd8 51. Kc3 Ba5+ 52. Kb3 Rf1
53. a4 Ra1 54. Bc2 Rh1 55. Re3 Rh2 56. Bd3 Rf2 57. Bc4 Rf6 58. Kc2 1/2-1/2

[Event "Campeonato Provincial Individual PREFERE"]
[Site "Pabellon Deporte Miguel Buigue"]
[Date "2011.11.26"]
[Round "7"]
[White "Terrades Dalmau, Antonio"]
[Black "Cabrera Guerrero, Antonio"]
[Result "1-0"]
[WhiteElo "1843"]
[BlackElo "1867"]
[PlyCount "59"]
[EventDate "2011.10.01"]
[EventRounds "7"]
[EventCountry "ESP"]

1. e4 e5 2. Nc3 Nc6 3. f4 exf4 4. Nf3 d6 5. d4 Bg4 6. Bxf4 Bxf3 7. gxf3 g6 8.
Qd2 Bh6 9. O-O-O Bg7 10. Bb5 a6 11. Bxc6+ bxc6 12. Kb1 Ne7 13. h4 Rb8 14. h5
Rb4 15. Ne2 Rb5 16. hxg6 fxg6 17. Rdg1 c5 18. Bh6 Bf6 19. f4 Nc6 20. c3 cxd4
21. Nxd4 Nxd4 22. cxd4 Kf7 23. Rf1 Qe7 24. e5 Bg7 25. f5 Bxh6 26. fxg6+ Ke8 27.
Qxh6 dxe5 28. g7 Rg8 29. Qc6+ Qd7 30. Rf8+ 1-0

[Event "Campeonato Provincial Individual PREFERE"]
[Site "Pabellon Deporte Miguel Buigue"]
[Date "2011.11.26"]
[Round "7"]
[White "Pastor Marti, Jaume"]
[Black "Torregrosa Llul, Fernando"]
[Result "0-1"]
[WhiteElo "1693"]
[BlackElo "1818"]
[PlyCount "118"]
[EventDate "2011.10.01"]
[EventRounds "7"]
[EventCountry "ESP"]

1. d4 d5 2. c4 c6 3. Nc3 e6 4. e3 Nf6 5. Nf3 Nbd7 6. Bd3 b6 7. O-O Be7 8. Bd2
O-O 9. cxd5 cxd5 10. Rc1 a6 11. Qe2 Bb7 12. Rc2 Ne4 13. Rfc1 Bd6 14. a3 b5 15.
Na2 Nxd2 16. Nxd2 Rc8 17. Rxc8 Bxc8 18. e4 Bb7 19. e5 Be7 20. f4 Qb6 21. Nf3
Rc8 22. Rxc8+ Bxc8 23. Qc2 Bb7 24. Bxh7+ Kh8 25. Bd3 Qc6 26. Qf2 a5 27. Ng5
Bxg5 28. fxg5 Kg8 29. g6 f5 30. Qh4 Nf8 31. Qd8 b4 32. Qxa5 bxa3 33. Qxa3 Nxg6
34. Nc3 Nf4 35. Bb5 Qb6 36. Qa4 Kh7 37. g3 Nh3+ 38. Kg2 Ng5 39. g4 f4 40. h4
Ne4 41. g5 Bc6 42. Qd1 Nxc3 43. Qh5+ Kg8 44. g6 Nxb5 45. Qh7+ Kf8 46. Qh8+ Ke7
47. Qxg7+ Kd8 48. Qf6+ Kc7 49. Qe7+ Bd7 50. Qc5+ Qxc5 51. dxc5 Be8 52. g7 Bf7
53. h5 Nd4 54. h6 Bg8 55. Kf2 Nf5 56. Kf3 Nxh6 57. Kxf4 Nf5 58. b4 Nxg7 59. b5
Nf5 0-1

[Event "Campeonato Provincial Individual PREFERE"]
[Site "Pabellon Deporte Miguel Buigue"]
[Date "2011.11.26"]
[Round "7"]
[White "Gonzalez Rodriguez, Manuel"]
[Black "Martin Diez, Santiago"]
[Result "1-0"]
[WhiteElo "1961"]
[BlackElo "1797"]
[PlyCount "51"]
[EventDate "2011.10.01"]
[EventRounds "7"]
[EventCountry "ESP"]

1. d4 Nf6 2. c4 g6 3. Nc3 Bg7 4. e4 d6 5. f4 c5 6. d5 O-O 7. Bd3 Nbd7 8. Nf3
Ng4 9. h3 Nh6 10. O-O f5 11. e5 dxe5 12. fxe5 f4 13. e6 Ne5 14. Nxe5 Bxe5 15.
Qe2 Bd4+ 16. Kh1 Nf5 17. Bxf4 a6 18. g4 Ng7 19. Be5 Bxe5 20. Qxe5 Bxe6 21.
Rxf8+ Kxf8 22. Rf1+ Kg8 23. Ne4 b6 24. Ng5 Bd7 25. Rf7 Ne8 26. Rf8+ 1-0

[Event "Campeonato Provincial Individual PREFERE"]
[Site "Pabellon Deporte Miguel Buigue"]
[Date "2011.11.26"]
[Round "7"]
[White "Perez De Tudela Perales, Fernan"]
[Black "Garcia Sacristan, Ramon"]
[Result "0-1"]
[WhiteElo "1369"]
[BlackElo "1651"]
[PlyCount "120"]
[EventDate "2011.10.01"]
[EventRounds "7"]
[EventCountry "ESP"]

1. e4 d6 2. d4 Nf6 3. Bd3 g6 4. Nf3 Bg7 5. c3 O-O 6. O-O c6 7. Re1 Nfd7 8. Bc4
e5 9. dxe5 Nxe5 10. Bb3 Re8 11. Bf4 Na6 12. Nbd2 Nd3 13. Bg5 Qc7 14. Re3 Nac5
15. Bc4 Nxb2 16. Qe2 Nxc4 17. Nxc4 Be6 18. Ncd2 b5 19. a3 Qa5 20. Nd4 Qc7 21.
Rb1 Na4 22. Qd3 Nb6 23. Rf3 Nc4 24. Nxc4 Bxc4 25. Qc2 a6 26. h3 Qb7 27. Re3 c5
28. Nf3 Be6 29. Bf4 Qc6 30. Rd1 Rad8 31. Ng5 Bc4 32. Nf3 a5 33. Nd2 Be6 34. Nb1
Qb7 35. Rxd6 Rxd6 36. Bxd6 Qb6 37. Qd2 Bh6 38. f4 Rd8 39. Bxc5 Rxd2 40. Bxb6
Rd1+ 41. Kf2 Rxb1 42. Bxa5 Bxf4 43. Rf3 Bd6 44. Bb4 Bxb4 45. axb4 Rb2+ 46. Kg3
Bc4 47. Re3 Rd2 48. Kf3 Rd3 49. g3 Rxe3+ 50. Kxe3 Kg7 51. Kf4 Kf6 52. h4 h5 53.
e5+ Ke6 54. Ke4 f6 55. exf6 Kxf6 56. Kf4 Ke6 57. Ke4 Ba2 58. Kf4 Kd5 59. Ke3
Kc4 60. Kd2 Bb3 0-1

[Event "Campeonato Individual Provincial Primera"]
[Site "C/ Isaac Peral, 67 - Burjassot"]
[Date "2011.10.01"]
[Round "1"]
[White "Moya Garcia, Jose Virgilio"]
[Black "Garcia Lopez, Francisco Javier"]
[Result "0-1"]
[WhiteElo "1621"]
[BlackElo "1887"]
[PlyCount "78"]
[EventDate "2011.10.01"]
[EventRounds "7"]
[EventCountry "ESP"]

1. d4 Nf6 2. c4 g6 3. Nc3 Bg7 4. Nf3 O-O 5. e3 d6 6. Be2 Nbd7 7. O-O e5 8. h3
Ne8 9. e4 f5 10. Bg5 Nef6 11. dxe5 dxe5 12. Nd5 fxe4 13. Nxf6+ Bxf6 14. Qd5+
Kg7 15. Bxf6+ Nxf6 16. Qxd8 Rxd8 17. Nxe5 Rd2 18. Bg4 Nxg4 19. Nxg4 Rxb2 20.
Ne3 Be6 21. a3 Rd8 22. Rab1 Rdd2 23. Rxb2 Rxb2 24. Ra1 Rb3 25. Kf1 Rc3 26. Rb1
b6 27. Ra1 Bxc4+ 28. Ke1 Be6 29. Kd2 Rd3+ 30. Kc2 Kf6 31. Kc1 Ke5 32. a4 a5 33.
Kc2 Rd4 34. Kc3 Bd7 35. Kb3 Rb4+ 36. Kc3 Rxa4 37. Ng4+ Ke6 38. Re1 h5 39. Ne3
Bb5 0-1

[Event "Campeonato Individual Provincial Primera"]
[Site "C/ Isaac Peral, 67 - Burjassot"]
[Date "2011.10.01"]
[Round "1"]
[White "Mir Latorre, Angel"]
[Black "Andres Miguel, Andres"]
[Result "1-0"]
[WhiteElo "1879"]
[BlackElo "1618"]
[PlyCount "110"]
[EventDate "2011.10.01"]
[EventRounds "7"]
[EventCountry "ESP"]

1. c4 Nf6 2. Nc3 g6 3. d4 d6 4. e4 e6 5. Bg5 Bg7 6. e5 dxe5 7. dxe5 Qxd1+ 8.
Rxd1 Nfd7 9. f4 a6 10. Nf3 h6 11. Bh4 f6 12. exf6 Bxf6 13. Bxf6 Nxf6 14. Bd3
Rg8 15. Ne5 g5 16. Bg6+ Rxg6 17. Nxg6 Nc6 18. Ne5 Nxe5 19. fxe5 Ng4 20. Rd4
Nxe5 21. Rf1 Ke7 22. Ke2 Bd7 23. Re4 Ng6 24. Nd5+ Kd8 25. Nf6 Bc6 26. Rd1+ Ke7
27. Nd5+ Kf7 28. Rf1+ Nf4+ 29. Rexf4+ gxf4 30. Rxf4+ Kg7 31. Nxc7 Rg8 32. Nxe6+
Kh8 33. g3 Re8 34. Rf8+ Kh7 35. Rxe8 Bxe8 36. Nd8 b6 37. b4 Kg6 38. Ne6 Bf7 39.
Nf4+ Kf6 40. Nd5+ Bxd5 41. cxd5 Ke5 42. Kd3 Kxd5 43. g4 a5 44. bxa5 bxa5 45. h4
Ke5 46. Ke3 a4 47. a3 Ke6 48. Ke4 Kd6 49. Kf5 Kc5 50. g5 hxg5 51. hxg5 Kc4 52.
g6 Kb3 53. g7 Kxa3 54. g8=Q Kb2 55. Qb8+ Ka1 1-0

[Event "Campeonato Individual Provincial Primera"]
[Site "C/ Isaac Peral, 67 - Burjassot"]
[Date "2011.10.01"]
[Round "1"]
[White "Lopez Palomar, Jose"]
[Black "Castillo Serrano, Jose"]
[Result "0-1"]
[WhiteElo "1611"]
[BlackElo "1857"]
[PlyCount "78"]
[EventDate "2011.10.01"]
[EventRounds "7"]
[EventCountry "ESP"]

1. d4 d5 2. Bf4 Nf6 3. e3 e6 4. Bd3 c5 5. c3 Nc6 6. Nf3 Nh5 7. Bg3 Qb6 8. Qe2
c4 9. Bxh7 Rxh7 10. Bh4 Nf6 11. O-O Bd6 12. g3 Qc7 13. Nbd2 e5 14. Ng5 Rxh4 15.
gxh4 e4 16. f4 exf3 17. Ngxf3 Bf5 18. Qg2 O-O-O 19. Ng5 Bg6 20. Ndf3 Re8 21.
Rae1 Ne7 22. b3 Nf5 23. Qh3 Kb8 24. b4 Nxe3 25. Rf2 Bf5 26. Qxf5 Nxf5 27. Rxe8+
Nxe8 28. Re2 Qd7 29. h5 Nf6 30. Ne5 Bxe5 31. dxe5 Ne4 32. Nxe4 dxe4 33. Rxe4
Qd1+ 34. Kf2 Qd2+ 35. Re2 Qf4+ 36. Ke1 Nh4 37. Rf2 Qc1+ 38. Ke2 Qc2+ 39. Kf1
Qd1# 0-1

[Event "Campeonato Individual Provincial Primera"]
[Site "C/ Isaac Peral, 67 - Burjassot"]
[Date "2011.10.01"]
[Round "1"]
[White "Aupi Royo, Juan Ignacio"]
[Black "Inchausti Arrese, Juan Jose"]
[Result "1-0"]
[WhiteElo "1816"]
[BlackElo "1607"]
[PlyCount "92"]
[EventDate "2011.10.01"]
[EventRounds "7"]
[EventCountry "ESP"]

1. d4 Nf6 2. Nf3 g6 3. c4 Bg7 4. Nc3 O-O 5. e4 d6 6. Bg5 Qe8 7. Qd2 Nbd7 8. h3
e5 9. d5 Nc5 10. Qe3 a5 11. Bd3 Nh5 12. Bc2 f5 13. g4 f4 14. Qe2 Nf6 15. Bxf6
Bxf6 16. g5 Bg7 17. O-O-O Bd7 18. Rdg1 Na4 19. Nxa4 Bxa4 20. h4 Bxc2 21. Qxc2
Rc8 22. Nd2 c6 23. f3 cxd5 24. exd5 Qd7 25. h5 Qf5 26. Ne4 Rfd8 27. hxg6 Qxg6
28. Rg2 Rc7 29. Nf6+ Kf7 30. Rxh7 Rh8 31. Qxg6+ Kxg6 32. Rxh8 Bxh8 33. Ne4 Rd7
34. Kc2 Bg7 35. Rh2 Bf8 36. Kb3 Rc7 37. Rh8 Kg7 38. Rh6 Rd7 39. Nf6 Rd8 40.
Rh7+ Kg6 41. Rxb7 Kxg5 42. Ne4+ Kg6 43. Ra7 Rb8+ 44. Kc3 a4 45. Rxa4 Rb7 46.
Ra8 Kg7 1-0

[Event "Campeonato Individual Provincial Primera"]
[Site "C/ Isaac Peral, 67 - Burjassot"]
[Date "2011.10.01"]
[Round "1"]
[White "Fernandez Juan, Marcos"]
[Black "Navarro Gomez, Gabriel"]
[Result "1-0"]
[WhiteElo "1605"]
[BlackElo "1789"]
[PlyCount "38"]
[EventDate "2011.10.01"]
[EventRounds "7"]
[EventCountry "ESP"]

1. e4 e5 2. d4 exd4 3. c3 Nc6 4. cxd4 Bb4+ 5. Nc3 Bxc3+ 6. bxc3 d5 7. e5 Nge7
8. Bd3 O-O 9. h3 Bf5 10. Nf3 Bxd3 11. Qxd3 f5 12. O-O h6 13. Ba3 Na5 14. Qb5 c6
15. Bxe7 cxb5 16. Bxd8 Rfxd8 17. Rfb1 a6 18. a4 Rdc8 19. axb5 axb5 1-0

[Event "Campeonato Individual Provincial Primera"]
[Site "C/ Isaac Peral, 67 - Burjassot"]
[Date "2011.10.01"]
[Round "1"]
[White "Villa Campos, Josep Antoni"]
[Black "Gonzalvez Tamarit, Ivan"]
[Result "0-1"]
[WhiteElo "1786"]
[BlackElo "1594"]
[PlyCount "59"]
[EventDate "2011.10.01"]
[EventRounds "7"]
[EventCountry "ESP"]

1. c4 e6 2. d4 d5 3. Nc3 Nf6 4. Bg5 Be7 5. Nf3 c6 6. e3 O-O 7. Bd3 Nbd7 8. Qc2
h6 9. h4 dxc4 10. Bxc4 c5 11. Ne5 cxd4 12. exd4 Qc7 13. O-O-O Nxe5 14. dxe5
Qxe5 15. Rhe1 Qc5 16. Ne4 Nxe4 17. Rxe4 Bxg5+ 18. hxg5 Qxg5+ 19. f4 Qg6 20. Qe2
Bd7 21. Bd3 Bc6 22. Rc4 Qxg2 23. Qxg2 Bxg2 24. Rg1 Bd5 25. Rb4 Rac8+ 26. Kd2
Rfd8 27. Ke3 Rc7 28. f5 exf5 29. Rh4 Re7+ 30. Kf2 0-1

[Event "Campeonato Individual Provincial Primera"]
[Site "C/ Isaac Peral, 67 - Burjassot"]
[Date "2011.10.01"]
[Round "1"]
[White "Palomo Ruiperez, Bruno"]
[Black "Baviera Ibanez, Jorge"]
[Result "0-1"]
[WhiteElo "1586"]
[BlackElo "1779"]
[PlyCount "44"]
[EventDate "2011.10.01"]
[EventRounds "7"]
[EventCountry "ESP"]

1. e4 c6 2. d4 d5 3. Nc3 dxe4 4. Nxe4 Nf6 5. Nxf6+ exf6 6. Nf3 Bd6 7. Bd3 O-O
8. O-O Re8 9. c3 Nd7 10. Qc2 Nf8 11. Be3 Be6 12. Rfe1 Qd7 13. Nd2 Rad8 14. Ne4
Bb8 15. h3 Ng6 16. Rad1 Nh4 17. b3 Bxh3 18. gxh3 Qxh3 19. f4 f5 20. Ng5 Qg3+
21. Kf1 Rxe3 22. Rxe3 Qxe3 0-1

[Event "Campeonato Individual Provincial Primera"]
[Site "C/ Isaac Peral, 67 - Burjassot"]
[Date "2011.10.01"]
[Round "1"]
[White "Chakrian, Levon"]
[Black "Martinez De Lejarza, Ignacio"]
[Result "0-1"]
[WhiteElo "1580"]
[BlackElo "1766"]
[PlyCount "44"]
[EventDate "2011.10.01"]
[EventRounds "7"]
[EventCountry "ESP"]

1. c4 Nf6 2. Nc3 b6 3. d4 e6 4. a3 c5 5. e3 Bb7 6. Nf3 cxd4 7. Qxd4 Be7 8. Be2
d6 9. O-O O-O 10. b4 Nc6 11. Qd2 Rc8 12. Bb2 a6 13. Rac1 Qc7 14. Rfd1 Rfd8 15.
Qc2 Nb8 16. h3 h6 17. Qb3 Nbd7 18. Kh1 Qb8 19. Kg1 d5 20. cxd5 exd5 21. Nxd5
Bxd5 22. Qd3 a5 0-1

[Event "Campeonato Individual Provincial Primera"]
[Site "C/ Isaac Peral, 67 - Burjassot"]
[Date "2011.10.01"]
[Round "1"]
[White "Cubells Izquierdo, Jose"]
[Black "Yaniz Gonzalez, Jesus"]
[Result "1-0"]
[WhiteElo "1747"]
[BlackElo "1574"]
[PlyCount "33"]
[EventDate "2011.10.01"]
[EventRounds "7"]
[EventCountry "ESP"]

1. e4 e5 2. Nf3 Nc6 3. Bc4 Nf6 4. Ng5 d5 5. exd5 Nxd5 6. Nxf7 Kxf7 7. Qf3+ Ke8
8. Bxd5 Qd6 9. Bxc6+ bxc6 10. Nc3 Bb7 11. O-O h5 12. Re1 h4 13. h3 Kd8 14. Qf5
c5 15. Qxe5 Qc6 16. Qe4 Qb6 17. Qe8# 1-0

[Event "Campeonato Individual Provincial Primera"]
[Site "C/ Isaac Peral, 67 - Burjassot"]
[Date "2011.11.19"]
[Round "6"]
[White "Martinez De Lejarza, Ignacio"]
[Black "Castillo Serrano, Jose"]
[Result "1-0"]
[WhiteElo "1766"]
[BlackElo "1857"]
[PlyCount "71"]
[EventDate "2011.10.01"]
[EventRounds "7"]
[EventCountry "ESP"]

1. d4 g6 2. Nf3 Bg7 3. Bf4 d6 4. e3 Nf6 5. h3 O-O 6. c4 c5 7. Nc3 Re8 8. Be2
cxd4 9. exd4 Nc6 10. d5 Nh5 11. Bh2 Ne5 12. Nxe5 dxe5 13. Bxh5 gxh5 14. Qxh5 f5
15. O-O Rf8 16. Rac1 a5 17. Rfd1 Ra6 18. a3 Rg6 19. c5 f4 20. Qf3 Bf5 21. Kh1
Qc8 22. b4 Rh6 23. d6 e6 24. d7 Qd8 25. b5 e4 26. Nxe4 Bxe4 27. Qxe4 f3 28. Bg3
fxg2+ 29. Kxg2 Rg6 30. c6 bxc6 31. bxc6 Qf6 32. Qe2 Qd8 33. c7 Qa8+ 34. Kh2 Be5
35. d8=Q Bxg3+ 36. fxg3 1-0

[Event "Campeonato Individual Provincial Primera"]
[Site "C/ Isaac Peral, 67 - Burjassot"]
[Date "2011.11.19"]
[Round "6"]
[White "Martinez Jimenez, Francisco Ii"]
[Black "Mir Latorre, Angel"]
[Result "0-1"]
[WhiteElo "1580"]
[BlackElo "1879"]
[PlyCount "74"]
[EventDate "2011.10.01"]
[EventRounds "7"]
[EventCountry "ESP"]

1. e4 e6 2. d4 d5 3. Nc3 Bb4 4. e5 c5 5. a3 Bxc3+ 6. bxc3 Ne7 7. f4 Nbc6 8. Nf3
Nf5 9. Bd3 Qb6 10. Bxf5 exf5 11. O-O cxd4 12. cxd4 O-O 13. Qd3 Na5 14. Bd2 Nc4
15. Rab1 Qc7 16. Bb4 Re8 17. Nh4 Bd7 18. Nxf5 Bxf5 19. Qxf5 Ne3 20. Qd3 Nxf1
21. Rxf1 Rac8 22. Rf2 Re6 23. Bd6 Qc3 24. Qd1 Rc4 25. Bc5 b6 26. Rf3 Qxc2 27.
Qxc2 Rxc2 28. f5 Re8 29. Bb4 Rec8 30. e6 fxe6 31. fxe6 Re2 32. e7 Rc1+ 33. Rf1
Rxf1+ 34. Kxf1 Re4 35. Bd6 Kf7 36. Be5 Rxe5 37. dxe5 Kxe7 0-1

[Event "Campeonato Individual Provincial Primera"]
[Site "C/ Isaac Peral, 67 - Burjassot"]
[Date "2011.11.19"]
[Round "6"]
[White "Hernandez Torralba, Sergio"]
[Black "Aupi Royo, Juan Ignacio"]
[Result "1/2-1/2"]
[WhiteElo "1532"]
[BlackElo "1816"]
[PlyCount "56"]
[EventDate "2011.10.01"]
[EventRounds "7"]
[EventCountry "ESP"]

1. e4 Nf6 2. e5 Nd5 3. d4 d6 4. c4 Nb6 5. exd6 exd6 6. b3 Be7 7. Bb2 O-O 8. Nf3
Bf6 9. Be2 Bg4 10. O-O Re8 11. Re1 c5 12. h3 Bh5 13. g4 Bg6 14. Nc3 Nc6 15.
dxc5 dxc5 16. Qxd8 Raxd8 17. Rad1 Nd4 18. Nxd4 Bxd4 19. Bf3 f5 20. Bxb7 fxg4
21. hxg4 Rb8 22. Bf3 Rf8 23. Kg2 Rxf3 24. Kxf3 Rf8+ 25. Kg3 Bxf2+ 26. Kg2 Bxe1
27. Rxe1 Rd8 28. Re2 Rd3 1/2-1/2

[Event "Campeonato Individual Provincial Primera"]
[Site "C/ Isaac Peral, 67 - Burjassot"]
[Date "2011.11.19"]
[Round "6"]
[White "Del Rosario Hervas, Enrique Mar"]
[Black "Cubells Vazquez, Pablo"]
[Result "0-1"]
[WhiteElo "1621"]
[BlackElo "1436"]
[PlyCount "97"]
[EventDate "2011.10.01"]
[EventRounds "7"]
[EventCountry "ESP"]

1. e4 e5 2. Nf3 Nc6 3. Bb5 a6 4. Bxc6 dxc6 5. O-O Bd6 6. d4 Bg4 7. dxe5 Bxf3 8.
Qxf3 Bxe5 9. Rd1 Qf6 10. Qg4 Rd8 11. Rxd8+ Qxd8 12. c3 Nf6 13. Qe2 h6 14. f4
Bd6 15. e5 Bc5+ 16. Kf1 Nd5 17. a3 O-O 18. c4 Ne7 19. Be3 Bxe3 20. Qxe3 Nf5 21.
Qd2 Qxd2 22. Nxd2 Rd8 23. Ke2 Nd4+ 24. Kf2 Ne6 25. Ke3 Nxf4 26. Ne4 Nxg2+ 27.
Kf3 Nh4+ 28. Kg4 Ng6 29. Kf5 Rd4 30. e6 fxe6+ 31. Kxg6 Rxe4 32. Rd1 Rg4+ 33.
Kh5 Rxc4 34. h4 Rc5+ 35. Kg6 Rd5 36. Re1 e5 37. Re2 Rd6+ 38. Kf5 Kf7 39. Rxe5
Rd5 40. Ke4 Rxe5+ 41. Kxe5 a5 42. b3 g6 43. Ke4 Ke6 44. b4 axb4 45. axb4 g5 46.
h5 b6 47. Ke3 Kf5 48. Kf3 g4+ 49. Kg2 0-1

[Event "Campeonato Individual Provincial Primera"]
[Site "C/ Isaac Peral, 67 - Burjassot"]
[Date "2011.11.19"]
[Round "6"]
[White "Baviera Ibanez, Jorge"]
[Black "Fernandez Juan, Marcos"]
[Result "1-0"]
[WhiteElo "1779"]
[BlackElo "1605"]
[PlyCount "46"]
[EventDate "2011.10.01"]
[EventRounds "7"]
[EventCountry "ESP"]

1. d4 Nf6 2. Nf3 c5 3. e3 e6 4. Bd3 b6 5. Qe2 d5 6. c3 c4 7. Bc2 Bd6 8. Nbd2
O-O 9. O-O Qc7 10. e4 Bf4 11. e5 Nfd7 12. g3 Bh6 13. h4 b5 14. Ng5 g6 15. Ndf3
Bg7 16. Nh2 Nc6 17. h5 b4 18. hxg6 hxg6 19. Qg4 f5 20. Qh4 Re8 21. Qh7+ Kf8 22.
Qxg6 Nb6 23. Nh7+ Ke7 1-0